Loading...
| Fine Arts - Classical Music | 0 | 15 | 1 | 3 | 145 | 22 | 93.20 | 2 | 5 | 0.00 | 0.00 |
| Fine Arts - Other | 0 | 6 | 0 | 0 | 60 | 60 | 110.00 | 1 | 2 | 0.00 | 0.00 |
| Science - Other | 0 | 4 | 1 | 0 | 35 | 48 | 78.50 | 1 | 1 | 0.00 | 0.00 |
| Other Academic | 0 | 3 | 0 | 1 | 30 | 111 | 128.67 | 0 | 0 | 0.00 | 0.00 |
| Science - Chemistry | 0 | 4 | 2 | 0 | 30 | 113 | 120.00 | 0 | 0 | 0.00 | 0.00 |
| History - Other | 0 | 2 | 0 | 0 | 20 | 108 | 124.00 | 0 | 0 | 0.00 | 0.00 |
| History - World | 0 | 2 | 0 | 0 | 20 | 123 | 134.00 | 0 | 0 | 0.00 | 0.00 |
| Social Science | 0 | 1 | 0 | 0 | 10 | 90 | 90.00 | 0 | 0 | 0.00 | 0.00 |
| Fine Arts - Painting & Sculpture | 0 | 1 | 0 | 0 | 10 | 123 | 123.00 | 0 | 0 | 0.00 | 0.00 |
| Geography | 0 | 1 | 0 | 0 | 10 | 100 | 100.00 | 0 | 0 | 0.00 | 0.00 |
| History - American | 0 | 1 | 0 | 1 | 10 | 136 | 136.00 | 0 | 0 | 0.00 | 0.00 |
| History - European | 0 | 1 | 0 | 0 | 10 | 124 | 124.00 | 0 | 0 | 0.00 | 0.00 |
| Literature - British | 0 | 1 | 0 | 0 | 10 | 153 | 153.00 | 0 | 0 | 0.00 | 0.00 |
| Current Events | 0 | 1 | 1 | 0 | 5 | 107 | 107.00 | 0 | 0 | 0.00 | 0.00 |
| Science - Biology | 0 | 1 | 2 | 0 | 0 | 84 | 84.00 | 0 | 1 | 0.00 | 0.00 |
| Literature - European | 0 | 0 | 0 | 0 | 0 | 0.00 | 0 | 0 | 0.00 | 0.00 | |
| Science - Physics | 0 | 1 | 3 | 0 | -5 | 81 | 81.00 | 0 | 0 | 0.00 | 0.00 |